MARC

LEADER 00000nam0a2200000 4500
001 191227
005 20231101224333.0
035 |a (RuTPU)RU\TPU\book\208493 
090 |a 191227 
100 |a 20110203d1909 k y0rusy50 ca 
101 0 |a rus 
102 |a RU 
105 |a af j 000zy 
200 1 |a Конспект физической геологии  |e Лекции Химического и Инженерно-Строительного Отделений  |f В. Д. Рязанов  |g Томский технологический институт (ТТИ) Императора Николая II 
210 |a Томск  |c Типо-литография Сибирского Т-ва Печатного Дела  |d 1909 
215 |a II, 270, 27 с.  |c черт. 
300 |a Литогр. изд. 
300 |a Текст в русской дореформенной орфографии 
316 |5 63413507: ШкА/3109  |a Владельческий переплет ТТИ 
606 1 |a Геология физическая  |2 stltpush  |3 (RuTPU)RU\TPU\subj\6124  |9 34082 
610 1 |a Земля 
610 1 |a геологические процессы 
610 1 |a изменение 
610 1 |a история 
610 1 |a геологическое строение 
610 1 |a космогонические гипотезы 
610 1 |a поверхности 
610 1 |a рельеф 
610 1 |a учебные пособия 
610 1 |a конспекты 
610 1 |a труды учёных ТПУ 
610 1 |a коллекция ТПУ 
675 |a 551.1/.4(075.8)  |v 3 
700 1 |a Рязанов  |b В. Д. 
712 0 2 |a Томский технологический институт (ТТИ)  |c (1896-1923)  |2 stltpush  |3 (RuTPU)RU\TPU\col\9244 
801 1 |a RU  |b 63413507  |c 20110203 
801 2 |a RU  |b 63413507  |c 20191128  |g RCR 
942 |c BK